| 000 | 00624nam a2200133Ia 4500 | ||
|---|---|---|---|
| 008 | 171212s9999 xx 000 0 und d | ||
| 020 | _a9781921313417 | ||
| 245 |
_ceditor Brown, A. J.;Bellamy, J.A. _aFederalism and Regionalism in Australia _bNew Approaches, New Institutions? |
||
| 260 |
_bANU E Press _c2007 |
||
| 440 | _aAustralia and New Zealand School of Government (ANZSOG) | ||
| 650 | _aCentral-local government relations -- Australia; Regionalism -- Australia; Federal government -- Australia; Australia -- Politics and government | ||
| 650 | _aPolitical Science | ||
| 856 | _uwww.jstor.org/stable/10.2307/j.ctt24hdnw | ||
| 999 |
_c351108 _d351108 |
||